Вып. 9; Проблемы партийного и государственного строительства

Մատենագիտական մանրամասներ
Parent link:Проблемы партийного и государственного строительства/ Академия общественных наук при ЦК КПСС ; под ред. Д. А. Керимова. Вып. 9.— , 1989-
Ամփոփում:Исключено из фонда НТБ ТПУ
Լեզու:ռուսերեն
Հրապարակվել է: 1989
Ձևաչափ: MixedMaterials Գիրք
KOHA link:https://koha.lib.tpu.ru/cgi-bin/koha/opac-detail.pl?biblionumber=232471

MARC

LEADER 00000nam1a2200000 4500
001 232471
005 20231031203309.0
035 |a (RuTPU)RU\TPU\book\253517 
090 |a 232471 
100 |a 20130213d1989 m y0rusy50 ca 
101 0 |a rus 
102 |a RU 
200 0 |a Вып. 9 
210 |d 1989 
215 |a 253 с. 
333 |a Исключено из фонда НТБ ТПУ 
461 |t Проблемы партийного и государственного строительства  |f Академия общественных наук при ЦК КПСС ; под ред. Д. А. Керимова  |v Вып. 9  |d 1989- 
801 1 |a RU  |b 63413507  |c 20130213 
801 2 |a RU  |b 63413507  |c 20220202  |g RCR 
942 |c BK